Antenna theory and design

Salvato in:
Dettagli Bibliografici
Autori principali: Stutzman, Warren L (Autore), Thiele, Gary A (Autore)
Natura: Libro
Lingua:inglese
Pubblicazione: Nueva York John Wiley 1998
Edizione:2a. ed
Soggetti:
Tags: Aggiungi Tag
Nessun Tag, puoi essere il primo ad aggiungerne!!

MARC

LEADER 00000nam a2200000 a 4500
001 UCO8910
003 CL-VaPUC
008 010105e19980000US |||||||||||||||||eng|d
082 0 4 |a 621.3824  |b STU  |2 21 
100 0 |a Stutzman, Warren L  |e author  |9 453825 
700 0 |a Thiele, Gary A  |e author  |9 453826 
245 1 0 |a Antenna theory and design 
250 |a 2a. ed 
300 |a 648 p 
942 |c BK 
945 |d 20010105 00:00:00  |a vberengu 
260 |a Nueva York  |b John Wiley  |c 1998 
650 0 |a Antenas  |9 263309 
650 7 |a EQUIPO DE TELECOMUNICACIONES  |2 CL-VaPUC  |9 453827 
650 0 |a Tecnología electrónica  |9 334386 
650 0 |a Propagación de ondas  |9 263256 
650 7 |a TRANSMISORES  |2 CL-VaPUC  |9 453828 
583 |a last modification  |c 20010105 00:00:00  |k Rodrigo Vera 
999 |c 293329  |d 293327 
952 |0 0  |1 0  |4 0  |6 621_382400000000000_STU_1998  |7 0  |8 A  |9 344795  |a BIBING  |b BIBING  |d 2019-11-20  |i 3680290  |l 1  |o 621.3824 STU 1998  |p 3680290  |r 2025-01-20  |s 2022-06-15  |w 2019-11-20  |y BK  |k EIE